Schaum`s Outline of theory and Problem`s of strength of Materials (Record no. 7222)

000 -LEADER
fixed length control field 00544nam a22002057a 4500
001 - CONTROL NUMBER
control field 7222
003 - CONTROL NUMBER IDENTIFIER
control field BD-DhUET
008 - FIXED-LENGTH DATA ELEMENTS--GENERAL INFORMATION
fixed length control field 141207b xxu||||| |||| 00| 0 eng d
020 ## - INTERNATIONAL STANDARD BOOK NUMBER
International Standard Book Number 070458944
040 ## - CATALOGING SOURCE
Original cataloging agency DLC
Transcribing agency DLC
Modifying agency BD-DhUET
082 ## - DEWEY DECIMAL CLASSIFICATION NUMBER
Classification number 620.11
Item number NAS/1972
100 ## - MAIN ENTRY--PERSONAL NAME
Personal name Nash,Willam A.
245 ## - TITLE STATEMENT
Title Schaum`s Outline of theory and Problem`s of strength of Materials
250 ## - EDITION STATEMENT
Edition statement 2nd ed.
260 ## - PUBLICATION, DISTRIBUTION, ETC. (IMPRINT)
Place of publication, distribution, etc. New York
Name of publisher, distributor, etc. Mcgraw - Hill
Date of publication, distribution, etc. 1972
300 ## - PHYSICAL DESCRIPTION
Extent 396 p.
490 ## - SERIES STATEMENT
Series statement Schaum's outline series
650 #0 - SUBJECT ADDED ENTRY--TOPICAL TERM
Topical term or geographic name as entry element Strength of materials
942 ## - ADDED ENTRY ELEMENTS (KOHA)
Koha item type General Book
Holdings
Price effective from Location (home branch) Source of classification or shelving scheme Koha issues (times borrowed) Sublocation or collection (holding branch) Koha normalized classification for sorting Koha renewals Date acquired Lost status Copy number Koha date last seen Shelving location Piece designation (barcode) Koha item type Withdrawn status Koha full call number Koha date last borrowed Damaged status Not for loan
2014-12-07Central Library, BUET 1Central Library, BUET620_110000000000000_NAS_197222014-12-07 12022-09-12Circulation section30119General Book 620.11/NAS/19722018-10-27  
2015-01-29Central Library, BUET 1Central Library, BUET620_110000000000000_NAS_1972 2015-01-29 22026-05-11Circulation section34893General Book 620.11/NAS/19722026-05-09  
2015-06-15Central Library, BUET  Central Library, BUET620_110000000000000_NAS_1972 2015-06-15 32015-06-15Reading section30114Reading Item 620.11/NAS/1972   
2015-06-16Central Library, BUET  Central Library, BUET620_110000000000000_NAS_1972 2015-06-16 42015-06-16Reading section26295Reading Item 620.11/NAS/1972   
2015-06-16Central Library, BUET  Central Library, BUET620_110000000000000_NAS_1972 2015-06-16 52015-06-16Reading section26294Reading Item 620.11/NAS/1972   
2015-06-16Central Library, BUET  Central Library, BUET620_110000000000000_NAS_1972 2015-06-16 62015-06-16Reading section30128Reading Item 620.11/NAS/1972